Statistics for Groups of Four Quiz #3

Click here to take the quiz!

General Stats

  • This quiz has been taken 46,133 times
    (16,886 since last reset)
  • The average score is 37 of 64

Answer Stats

Group Answer % Correct
Cardinal DirectionsSouth
94%
Cardinal DirectionsWest
94%
Cardinal DirectionsNorth
94%
Cardinal DirectionsEast
94%
Fashion CapitalsParis
91%
Central Powers of WWIGermany
90%
Olympic Swimming StrokesBackstroke
88%
California Cities Population over 800,000Los Angeles
86%
Fashion CapitalsNew York
86%
Olympic Swimming StrokesButterfly
84%
Fashion CapitalsMilan
82%
Main Wizard of Oz CharactersCowardly Lion
82%
Main Wizard of Oz CharactersTin Man
82%
Olympic Swimming StrokesBreaststroke
81%
Main Wizard of Oz CharactersDorothy
81%
California Cities Population over 800,000San Francisco
79%
Fashion CapitalsLondon
77%
Main Wizard of Oz CharactersScarecrow
77%
Countries that Border ThailandLaos
76%
Olympic Swimming StrokesFreestyle
75%
Countries that Border ThailandCambodia
74%
Woodwind Quartet InstrumentsFlute
71%
Basic Boxing PunchesJab
71%
California Cities Population over 800,000San Diego
70%
Countries that Border ThailandMyanmar
69%
Woodwind Quartet InstrumentsClarinet
68%
Central Powers of WWIAustro-Hungarian Empire
68%
Asian Countries with English as an Official LanguageIndia
67%
Basic Boxing PunchesUppercut
66%
Countries that Border ThailandMalaysia
64%
Asian Countries with English as an Official LanguageSingapore
63%
Woodwind Quartet InstrumentsOboe
61%
Natural Horse GaitsGallop
60%
Natural Horse GaitsTrot
58%
Golf MajorsU.S. Open
55%
Atlantic Provinces of CanadaNewfoundland and
Labrador
52%
Basic Boxing PunchesHook
51%
Chambers of the HeartLeft Ventricle
50%
Chambers of the HeartRight Ventricle
50%
Central Powers of WWIOttoman Empire
49%
Atlantic Provinces of CanadaNova Scotia
44%
Horsemen of the ApocalypseDeath
44%
Golf MajorsBritish Open
43%
Golf MajorsMasters
43%
Atlantic Provinces of CanadaPrince Edward Island
42%
Natural Horse GaitsWalk
42%
California Cities Population over 800,000San Jose
42%
Asian Countries with English as an Official LanguagePakistan
40%
Natural Horse GaitsCanter
40%
Asian Countries with English as an Official LanguagePhilippines
39%
Horsemen of the ApocalypseConquest or Pestilence
37%
Woodwind Quartet InstrumentsBassoon
37%
Horsemen of the ApocalypseFamine
36%
Chambers of the HeartRight Atrium
34%
Chambers of the HeartLeft Atrium
34%
Horsemen of the ApocalypseWar
31%
Atlantic Provinces of CanadaNew Brunswick
31%
Golf MajorsPGA Championship
29%
Words Ending in "Dous"Tremendous
24%
Central Powers of WWIBulgaria
22%
Words Ending in "Dous"Stupendous
20%
Basic Boxing PunchesCross
19%
Words Ending in "Dous"Horrendous
14%
Words Ending in "Dous"Hazardous
7%

Score Distribution

Percentile by Number Answered

Percent of People with Each Score

Your Score History

You have not taken this quiz since the last reset